[Event "Xtracon Chess Open"]
[Site "Helsingor DEN"]
[Date "2019.07.28"]
[Round "10.24"]
[White "Percivaldi, Martin"]
[Black "Nielsen, Andre"]
[Result "1-0"]
[WhiteElo "2379"]
[BlackElo "2229"]
[EventDate "2019.07.20"]

1. Nf3 d5 2. g3 g6 3. Bg2 Bg7 4. O-O e5 5. d3 Nc6 6. e4 Nf6 7. Nc3 dxe4 8.
dxe4 O-O 9. Be3 Be6 10. h3 Bc4 11. Re1 Qe7 12. Nd2 Rfd8 13. Qc1 Be6 14. Nb3
Nd4 15. Bg5 c6 16. Nxd4 Rxd4 17. Be3 Rdd8 18. Bg5 Qf8 19. Rd1 Rxd1+ 20.
Qxd1 h6 21. Be3 Rd8 22. Qe2 Qb4 23. Rb1 a6 24. a3 Qa5 25. f3 Bf8 26. Kh2
Kh7 27. Qf2 c5 28. f4 exf4 29. gxf4 Qc7 30. Kh1 Nh5 31. e5 b6 32. Rg1 Be7
33. Be4 Ng7 34. Qf3 Bf5 35. Bb7 Bxh3 36. Nd5 Qd7 37. Bc6 Qe6 38. Nxe7 h5
39. Nd5 Bg4 40. Nf6+ Qxf6 41. exf6 Bxf3+ 42. Bxf3 Nf5 43. Bc1 Rd6 44. Kg2
Rxf6 45. Be4 Nd4 46. Bd3 b5 47. c3 Nb3 48. Be3 1-0

[Event "Xtracon Chess Open"]
[Site "Helsingor DEN"]
[Date "2019.07.28"]
[Round "10.25"]
[White "Olsson, Linus"]
[Black "Fantinel, Thibault"]
[Result "0-1"]
[WhiteElo "2242"]
[BlackElo "2374"]
[EventDate "2019.07.20"]

1. e4 c5 2. Nf3 Nc6 3. Bb5 e6 4. O-O Nge7 5. Re1 Nd4 6. Bf1 Nec6 7. d3
Nxf3+ 8. Qxf3 Be7 9. Qg3 O-O 10. Bh6 Bf6 11. c3 d6 12. Nd2 b5 13. Rac1 Rb8
14. a3 a5 15. Nf3 e5 16. h4 Re8 17. h5 Kh8 18. Be3 h6 19. Be2 Be6 20. Nh2
Bh4 21. Qf3 Bg5 22. Nf1 Bxe3 23. Nxe3 Qg5 24. Kh2 Ne7 25. Qg3 Qxg3+ 26.
Kxg3 f5 27. exf5 Nxf5+ 28. Nxf5 Bxf5 29. Rcd1 b4 30. axb4 axb4 31. Bg4 Bxg4
32. Kxg4 bxc3 33. bxc3 Rb2 34. Kg3 Rf8 35. Rf1 Rc2 36. c4 Rf5 37. Rc1 Rd2
38. Rcd1 Rc2 39. Rc1 Rd2 40. Rcd1 Rfxf2 41. Rxf2 Rxd1 42. Rf3 Rd2 43. Kh3
Kg8 44. g3 Re2 45. Rf1 Re3 46. Rd1 Kf7 47. Kg2 Re2+ 48. Kf3 Rh2 49. Kg4 Ke6
50. Ra1 Rd2 51. Ra3 Kf6 52. Rb3 e4 53. dxe4 Rd4 54. Kf3 Rxc4 55. Rb7 Rb4
56. Rc7 Ke5 57. Rxg7 Rb3+ 58. Kg4 c4 59. Rc7 Re3 60. Re7+ Kd4 61. Kf4 d5
62. e5 c3 63. Rc7 Re4+ 64. Kf5 Rxe5+ 65. Kg6 Rg5+ 66. Kxh6 Rxg3 67. Kh7 Kd3
68. h6 c2 69. Kh8 Kd2 70. h7 Rh3 71. Kg8 c1=Q 72. Rxc1 Kxc1 73. h8=Q Rxh8+
74. Kxh8 d4 0-1

[Event "Xtracon Chess Open"]
[Site "Helsingor DEN"]
[Date "2019.07.28"]
[Round "10.26"]
[White "Malmstig, Erik"]
[Black "Schmidt, Kristen"]
[Result "1/2-1/2"]
[WhiteElo "2357"]
[BlackElo "2225"]
[EventDate "2019.07.20"]

1. d4 Nf6 2. c4 g6 3. Nc3 Bg7 4. e4 d6 5. Nge2 O-O 6. Ng3 e5 7. d5 a5 8.
Be2 Na6 9. h4 h5 10. Bg5 Qe8 11. Qd2 Nh7 12. Bh6 Bxh6 13. Qxh6 Qe7 14.
O-O-O Qf6 15. Bf3 Nc5 16. Qe3 Bd7 17. Nf1 Qf4 18. Qxf4 exf4 19. Ne2 f5 20.
exf5 Bxf5 21. Nxf4 Be4 22. Ne6 Bxf3 23. gxf3 Rxf3 24. Nxc5 dxc5 25. Re1
Rxf2 26. Rg1 Kf7 27. Nd2 Nf6 28. Rgf1 Re8 29. Rxf2 Rxe1+ 30. Kc2 Ke7 31.
Rg2 Ng4 32. Kb3 Kd6 33. Ka4 b6 34. Nf3 Re4 35. b3 Rf4 36. Ng5 Kd7 37. Kb5
Ne3 38. Re2 Nf5 39. Ka6 Nd4 40. Rg2 Kd6 41. Kb7 Kd7 42. Rg1 Rf2 43. Nh7 Rf7
44. Ng5 Re7 45. Rf1 Nf5 46. Ne6 Rf7 47. Kb8 Kd6 48. Kb7 Re7 49. Nf8 c6+ 50.
Kxb6 cxd5 51. Nxg6 Rf7 52. cxd5 Rf6 53. Kxa5 Rxg6 54. Rxf5 Rg2 55. a3 Rg3
56. Ka4 Rg4+ 57. b4 cxb4 58. axb4 Rxh4 59. Ka5 Rh1 60. Kb6 h4 61. Rh5 h3
62. b5 h2 63. Rh6+ Kxd5 64. Kb7 Rb1 65. Rxh2 Rxb5+ 1/2-1/2

[Event "Xtracon Chess Open"]
[Site "Helsingor DEN"]
[Date "2019.07.28"]
[Round "10.27"]
[White "Schwarz, Frank"]
[Black "Pantzar, Milton"]
[Result "1/2-1/2"]
[WhiteElo "2224"]
[BlackElo "2357"]
[EventDate "2019.07.20"]

1. c4 b6 2. Nc3 Bb7 3. e4 e5 4. g3 Nc6 5. Bg2 Bc5 6. Nf3 d6 7. a3 a5 8. d3
Nge7 9. O-O O-O 10. Be3 f5 11. Ng5 Bc8 12. exf5 Bxf5 13. Nd5 Rc8 14. Nxe7+
Nxe7 15. d4 exd4 16. Bxd4 h6 17. Ne4 Bxd4 18. Qxd4 Qd7 19. Rfe1 Rce8 20.
Rad1 Kh8 21. Nc3 Bg4 22. Rc1 Bh5 23. Nd5 Nxd5 24. cxd5 Rxe1+ 25. Rxe1 Re8
26. Rxe8+ Qxe8 27. h3 Qe1+ 28. Kh2 Qe5 29. Qd2 Bg6 30. b4 Qa1 31. Qe3 axb4
32. axb4 Qb2 33. Qf4 Qe5 34. Qc4 Qe1 35. Qd4 Qe5 36. Qc4 Qe1 37. Qd4 Qe5
1/2-1/2

[Event "Xtracon Chess Open"]
[Site "Helsingor DEN"]
[Date "2019.07.28"]
[Round "10.28"]
[White "Haubro, Martin"]
[Black "Vesterli, Michael E."]
[Result "1-0"]
[WhiteElo "2356"]
[BlackElo "2221"]
[EventDate "2019.07.20"]

1. e4 c5 2. Nf3 d6 3. d4 cxd4 4. Nxd4 Nf6 5. Nc3 Nc6 6. f3 e5 7. Nb3 Be7 8.
Be3 O-O 9. Qd2 a5 10. Bb5 Na7 11. Bxa7 Rxa7 12. O-O-O a4 13. Qf2 axb3 14.
Qxa7 d5 15. Nxd5 Nxd5 16. Rxd5 Qc7 17. axb3 Be6 18. Rd3 Bc5 19. Rc3 Rc8 20.
Rxc5 Qxc5 21. Qxc5 Rxc5 22. c4 Kf8 23. Kc2 Ke7 24. Ra1 g5 25. Ra7 Rc7 26.
g4 Kd6 27. Kc3 f6 28. b4 Rg7 29. c5+ Kc7 30. Bc4 Bc8 31. b5 h5 32. h3 hxg4
33. hxg4 Rh7 34. b6+ Kc6 35. Ra8 Bd7 36. Kb4 Rh2 37. Bb5# 1-0

[Event "Xtracon Chess Open"]
[Site "Helsingor DEN"]
[Date "2019.07.28"]
[Round "10.29"]
[White "Rydstrom, Tom"]
[Black "Andersen, Morten"]
[Result "1-0"]
[WhiteElo "2345"]
[BlackElo "2212"]
[EventDate "2019.07.20"]

1. e4 d6 2. d4 Nf6 3. Nc3 g6 4. Be3 c6 5. Qd2 Qc7 6. f3 b5 7. g4 Nbd7 8. g5
Nh5 9. Nge2 b4 10. Nd1 a5 11. Ng3 Nxg3 12. hxg3 d5 13. e5 f6 14. gxf6 exf6
15. Bd3 Bg7 16. Rxh7 Rxh7 17. Bxg6+ Kf8 18. Bxh7 fxe5 19. Nf2 Nf6 20. Bg6
exd4 21. Bf4 Qe7+ 22. Kf1 Ba6+ 23. Kg2 Qe2 24. Qxe2 Bxe2 25. Nd3 Bxd3 26.
cxd3 Ke7 27. Re1+ Kf8 28. g4 Kg8 29. Kg3 c5 30. g5 Nd7 31. Re7 Nf8 32. Bf7+
Kh8 33. Re1 1-0

[Event "Xtracon Chess Open"]
[Site "Helsingor DEN"]
[Date "2019.07.28"]
[Round "10.30"]
[White "Nasshan, Dennis"]
[Black "Kakulidis, Ellen"]
[Result "1/2-1/2"]
[WhiteElo "2314"]
[BlackElo "1998"]
[EventDate "2019.07.20"]

1. d4 d5 2. c4 e6 3. Nf3 Nf6 4. g3 Be7 5. Bg2 O-O 6. O-O c6 7. Qc2 b6 8.
Rd1 Nbd7 9. Bf4 Bb7 10. Ne5 Qc8 11. Nc3 Nxe5 12. dxe5 Nd7 13. cxd5 cxd5 14.
e4 dxe4 15. Bxe4 Bxe4 16. Qxe4 Rd8 17. h4 Nc5 18. Rxd8+ Qxd8 19. Qf3 Qe8
20. Nb5 Rd8 21. Nc3 Nd3 22. b3 Bc5 23. Ne4 Rd5 24. Qg4 Kh8 25. Qh5 Be7 26.
Rd1 Nxf4 27. gxf4 Rxd1+ 28. Qxd1 Bxh4 29. Nd6 Qe7 30. Qh5 Kg8 31. Kg2 g6
32. Qh6 Qd8 33. Ne4 Be7 34. Qh3 Qd4 35. Qf3 a6 36. Ng3 1/2-1/2

[Event "Xtracon Chess Open"]
[Site "Helsingor DEN"]
[Date "2019.07.28"]
[Round "10.31"]
[White "Weber, Samuel"]
[Black "Kucuksari, Kaan"]
[Result "1/2-1/2"]
[WhiteElo "2203"]
[BlackElo "2310"]
[EventDate "2019.07.20"]

1. Nf3 d5 2. g3 Nf6 3. Bg2 e6 4. O-O Be7 5. d3 c5 6. Nbd2 Nc6 7. b3 O-O 8.
Bb2 b5 9. a4 bxa4 10. Rxa4 Nd7 11. e4 Nb6 12. Ra1 Bf6 13. e5 Be7 14. c4 a5
15. Nb1 Rb8 16. Ba3 dxc4 17. bxc4 Nb4 18. Bxb4 cxb4 19. Rxa5 Nxc4 20. Ra1
Nb6 21. Qb3 Bb7 22. Nbd2 Bd5 23. Nc4 Nd7 24. Rfc1 Nc5 25. Qb1 Bxf3 26. Bxf3
Qxd3 27. Qxd3 Nxd3 28. Rd1 Rfd8 29. Be2 Nc5 30. Na5 Rxd1+ 31. Rxd1 Bf8 32.
Bc4 b3 33. Nxb3 Nxb3 34. Rb1 Na5 35. Rxb8 Nxc4 36. f4 g5 37. Kg2 g4 38. Kf2
Nb6 39. Ke2 Nd5 40. Rd8 Ne7 41. h3 gxh3 42. Rd1 h5 43. Rh1 h4 44. Rxh3 Ng6
45. Kf3 hxg3 46. Kxg3 Bb4 47. Rh2 Kg7 48. Kf3 f5 49. exf6+ Kxf6 50. Ke4 Bd6
51. Rf2 Nh4 52. Ra2 Nf5 53. Ra6 Bc7 54. Rc6 Bd8 55. Rc5 Nd6+ 56. Kf3 Be7
57. Ra5 Nc4 58. Rb5 Kg6 59. Rb7 Bf6 60. Rc7 Nd6 61. Rc6 Be7 62. Ra6 Kf6 63.
Ra7 Nb5 64. Rb7 Nc3 65. Rb3 Na4 66. Kg4 Nc5 67. Rb6 Nd7 68. Ra6 Kf7 69. Ra7
Nf6+ 70. Kf3 Nd5 71. Ke4 Nf6+ 72. Kf3 Ng8 73. Ke4 Kf6 74. Ra6 Nh6 75. Rb6
Nf5 76. Ra6 Bf8 77. Rb6 Bh6 78. Ra6 Ne7 79. Ra1 Ng6 80. Rf1 Nh4 81. Ra1 Nf5
82. Ra6 Ng3+ 83. Kf3 Nh5 84. Ra4 Ke7 85. f5 Ng7 86. Ra7+ Kf6 87. Rxg7 Bxg7
88. fxe6 Kxe6 1/2-1/2

[Event "Xtracon Chess Open"]
[Site "Helsingor DEN"]
[Date "2019.07.28"]
[Round "10.32"]
[White "Sonis, Francesco"]
[Black "Thorsbro, Peter"]
[Result "0-1"]
[WhiteElo "2498"]
[BlackElo "2199"]
[EventDate "2019.07.20"]

1. d4 Nf6 2. c4 e6 3. g3 d5 4. Nf3 Bb4+ 5. Bd2 Be7 6. Bg2 O-O 7. Qc2 Nbd7
8. O-O Re8 9. Bf4 c6 10. Nbd2 Nf8 11. Rfd1 Ng6 12. Bg5 h6 13. Bxf6 Bxf6 14.
e4 dxc4 15. Nxc4 Qc7 16. h4 Bd7 17. Rac1 Rac8 18. h5 Nf8 19. e5 Be7 20.
Nfd2 b5 21. Ne3 c5 22. Ne4 c4 23. b3 Ba3 24. bxc4 Bxc1 25. Rxc1 Red8 26.
Qd2 bxc4 27. Ng4 Bc6 28. Rxc4 Qb7 29. Nxh6+ Kh8 30. Rb4 Qe7 31. Nd6 gxh6
32. Qxh6+ Nh7 33. Bxc6 Rxc6 34. Rb7 Rc7 35. Ne4 Rc1+ 36. Qxc1 Qxb7 37. Nd6
Qe7 38. Qf4 Kg8 39. Ne4 Rxd4 40. Nf6+ Nxf6 41. exf6 Qc5 42. Qf3 Qd5 0-1

[Event "Xtracon Chess Open"]
[Site "Helsingor DEN"]
[Date "2019.07.28"]
[Round "10.33"]
[White "Antonsen, Mikkel"]
[Black "Ernst, Michael"]
[Result "1/2-1/2"]
[WhiteElo "2400"]
[BlackElo "2190"]
[EventDate "2019.07.20"]

1. d4 d5 2. Nf3 Bf5 3. c4 c6 4. Qb3 Qb6 5. c5 Qxb3 6. axb3 Nd7 7. b4 Bxb1
8. Rxb1 a6 9. Bf4 f6 10. h4 g6 11. Nd2 e5 12. Bh2 Ne7 13. e4 Bh6 14. Nb3
dxe4 15. Bc4 Bf4 16. g3 Bh6 17. O-O Nd5 18. Rbe1 f5 19. Na5 O-O-O 20. Rd1
Bg7 1/2-1/2

[Event "Xtracon Chess Open"]
[Site "Helsingor DEN"]
[Date "2019.07.28"]
[Round "10.34"]
[White "Solberg, Joachim"]
[Black "Rostgaard, Tobias Valentin"]
[Result "1/2-1/2"]
[WhiteElo "2181"]
[BlackElo "2390"]
[EventDate "2019.07.20"]

1. e4 e5 2. Nf3 Nc6 3. Bb5 Nf6 4. O-O Nxe4 5. Re1 Nd6 6. Nxe5 Nxe5 7. Rxe5+
Be7 8. Bf1 O-O 9. d4 Bf6 10. Re1 Nf5 11. c3 d5 12. Bf4 c6 13. Nd2 Nd6 14.
Bd3 1/2-1/2

[Event "Xtracon Chess Open"]
[Site "Helsingor DEN"]
[Date "2019.07.28"]
[Round "10.35"]
[White "Gandrud, Vegar Koi"]
[Black "Colbow, Collin"]
[Result "1-0"]
[WhiteElo "2351"]
[BlackElo "2167"]
[EventDate "2019.07.20"]

1. d4 Nf6 2. c4 g6 3. Nc3 Bg7 4. e4 d6 5. Nf3 O-O 6. Be2 e5 7. d5 a5 8. O-O
Na6 9. Ne1 Nc5 10. Qc2 Nfd7 11. Be3 f5 12. exf5 gxf5 13. f4 exf4 14. Bxf4
Ne5 15. Nf3 Bd7 16. Qd2 Qf6 17. Bg5 Nxf3+ 18. Rxf3 Qd4+ 19. Qxd4 Bxd4+ 20.
Be3 Bg7 21. Rd1 Rae8 22. Bd4 Be5 23. h3 f4 24. Kf1 Bf5 25. Bxc5 dxc5 26.
Bd3 Bxc3 27. Bxf5 Rxf5 28. Rxc3 Rfe5 29. Rd2 b6 30. Rcd3 Kg7 31. Kf2 Kf6
32. d6 cxd6 33. Rxd6+ R8e6 34. Kf3 Kf5 35. Rxe6 Rxe6 36. Rd5+ Re5 37. h4 h5
38. a4 Ke6 39. Kxf4 Re2 40. b3 Rb2 41. Rxh5 Rxb3 42. Rh6+ Kd7 43. g4 Rb4
44. g5 Rxc4+ 45. Kf5 Ke7 46. h5 Rxa4 47. Rxb6 Ra1 48. h6 Rh1 49. h7 a4 50.
Rh6 1-0

[Event "Xtracon Chess Open"]
[Site "Helsingor DEN"]
[Date "2019.07.28"]
[Round "10.36"]
[White "Jacobsen, Mikkel Manosri"]
[Black "Mardell, Jimmy"]
[Result "1/2-1/2"]
[WhiteElo "2343"]
[BlackElo "2134"]
[EventDate "2019.07.20"]

1. d4 e6 2. c4 Nf6 3. Nf3 c5 4. d5 exd5 5. cxd5 d6 6. Nc3 g6 7. e4 Bg7 8.
Be2 O-O 9. O-O a6 10. a4 Bg4 11. h3 Bxf3 12. Bxf3 Nbd7 13. Bf4 Qe7 14. Re1
Ne5 15. Be2 Nfd7 16. Bh2 g5 17. Qc2 Ng6 18. Bf1 Be5 1/2-1/2

[Event "Xtracon Chess Open"]
[Site "Helsingor DEN"]
[Date "2019.07.28"]
[Round "10.37"]
[White "Gong, Patrick"]
[Black "Le Besq, Alexander"]
[Result "1/2-1/2"]
[WhiteElo "2336"]
[BlackElo "2149"]
[EventDate "2019.07.20"]

1. g3 g6 2. Bg2 Bg7 3. d3 d5 4. Nf3 Nf6 5. O-O O-O 6. Nbd2 c5 7. e4 Nc6 8.
c3 e6 9. a4 Bd7 10. Rb1 a5 11. b3 Qc7 12. Qe2 Rfc8 13. Ne1 Rab8 14. Ba3 Na7
15. c4 dxe4 16. dxe4 e5 17. Nd3 b6 18. f4 Nc6 19. Bb2 Nd4 20. Bxd4 exd4 21.
h3 Bc6 22. e5 Bxg2 23. Qxg2 Ne8 24. Rbe1 Qb7 25. Nf3 f6 26. g4 fxe5 27.
Nfxe5 Qxg2+ 28. Kxg2 Bxe5 29. Rxe5 Ng7 30. Kf3 Re8 31. Rfe1 Kf8 32. h4 Rxe5
33. Nxe5 Rd8 34. Ke4 Ne8 35. Kd3 Nd6 36. Rh1 Nf7 37. Rf1 Rd6 38. Ke4 Rd8
39. Kd3 Rd6 40. Ke4 Rd8 41. Kd3 Kg7 42. Ke4 Nxe5 43. fxe5 d3 44. g5 d2 45.
Rd1 Kf7 46. Ke3 Ke6 47. Rxd2 Rxd2 48. Kxd2 Kf5 49. Kd3 Kxe5 50. Ke3 Kf5 51.
Kf3 Ke5 52. Ke3 Kf5 1/2-1/2

[Event "Xtracon Chess Open"]
[Site "Helsingor DEN"]
[Date "2019.07.28"]
[Round "10.38"]
[White "Van den Bersselaar, Jeroen"]
[Black "Vestby-Ellingsen, Mads"]
[Result "1-0"]
[WhiteElo "2161"]
[BlackElo "2335"]
[EventDate "2019.07.20"]

1. Nf3 c5 2. c4 Nc6 3. b3 e5 4. Nc3 g6 5. Bb2 Bg7 6. g3 d6 7. Bg2 f5 8. d3
Nf6 9. Nd5 O-O 10. O-O Nxd5 11. cxd5 Ne7 12. Nd2 g5 13. e3 Ng6 14. f4 exf4
15. Bxg7 Kxg7 16. gxf4 gxf4 17. exf4 Qf6 18. Kh1 Bd7 19. Qf3 Rae8 20. Nc4
b5 21. Na5 Qd4 22. Nb7 Re3 23. Qf2 Rf6 24. Rad1 Rxd3 25. Qxd4 Rxd4 26. Rxd4
cxd4 27. Rf2 d3 28. Bf1 d2 29. Rxd2 Nxf4 30. Kg1 Ng6 31. Rc2 Ne5 32. Rc7
Kh6 33. Nd8 f4 34. Nc6 Rg6+ 35. Kf2 Bf5 36. Ne7 Be4 37. Nxg6 hxg6 38. Bxb5
Bxd5 39. Rxa7 Be4 40. h3 Kg5 41. Re7 Kf6 42. Re8 d5 43. a4 d4 44. Rd8 d3
45. Rd4 Kf5 46. Bd7+ Nxd7 47. Rxd7 Ke6 48. Rd8 Bd5 49. a5 d2 50. Ke2 Bxb3
51. Kxd2 Bc4 52. Ke1 g5 53. Rc8 Bb5 54. Rc5 Bd3 55. Rxg5 Kd6 56. a6 Kc7 57.
a7 Kb7 58. Ra5 Ka8 59. Kf2 Be4 60. h4 1-0

[Event "Xtracon Chess Open"]
[Site "Helsingor DEN"]
[Date "2019.07.28"]
[Round "10.39"]
[White "Svane, Frederik"]
[Black "Thuesen, Mogens"]
[Result "1-0"]
[WhiteElo "2334"]
[BlackElo "2111"]
[EventDate "2019.07.20"]

1. c4 Nf6 2. Nf3 c5 3. g3 Nc6 4. Bg2 d5 5. cxd5 Nxd5 6. O-O e5 7. Nc3 Nc7
8. b3 Be7 9. Bb2 O-O 10. Rc1 b6 11. b4 cxb4 12. Ne4 Bd7 13. Nxe5 Nxe5 14.
Bxe5 Rc8 15. Nd6 Ba4 16. Qxa4 Bxd6 17. Bxd6 Qxd6 18. Rc6 Qxd2 19. Rfc1 Rce8
20. Rxc7 Rxe2 21. Qc2 Re1+ 22. Rxe1 Qxe1+ 23. Bf1 a5 24. Rc6 g6 25. Rxb6
Rd8 26. Qe2 Qa1 27. Rb7 Kg7 28. Qe6 1-0

[Event "Xtracon Chess Open"]
[Site "Helsingor DEN"]
[Date "2019.07.28"]
[Round "10.40"]
[White "Klings, Peter"]
[Black "Storme, Isak"]
[Result "1/2-1/2"]
[WhiteElo "2105"]
[BlackElo "2330"]
[EventDate "2019.07.20"]

1. e4 e5 2. Bc4 Nf6 3. d3 c6 4. Nf3 d5 5. Bb3 Bb4+ 6. Bd2 Bxd2+ 7. Nbxd2
Nbd7 8. O-O O-O 9. Re1 Re8 10. d4 exd4 11. exd5 Rxe1+ 12. Qxe1 Nc5 13. dxc6
bxc6 14. Qe5 1/2-1/2

[Event "Xtracon Chess Open"]
[Site "Helsingor DEN"]
[Date "2019.07.28"]
[Round "10.41"]
[White "Moe, Mogens"]
[Black "Welling, Gerard"]
[Result "1/2-1/2"]
[WhiteElo "2152"]
[BlackElo "2310"]
[EventDate "2019.07.20"]

1. e4 g6 2. d4 Bg7 3. Nc3 c6 4. h3 d5 5. e5 f6 6. exf6 Nxf6 7. Bg5 Nbd7 8.
Qd2 b5 9. Bd3 e5 10. dxe5 Nxe5 11. O-O-O O-O 12. Bh6 Nxd3+ 13. cxd3 a5 14.
Nf3 a4 15. Ne2 c5 16. Bxg7 Kxg7 17. Nf4 Qd6 18. Rhe1 a3 19. b3 Bd7 20. Re5
Rfe8 21. Rg5 c4 22. dxc4 bxc4 23. Nxd5 cxb3 24. Nxf6 Qxf6 25. Qxd7+ Re7 26.
Qd4 bxa2 27. Kd2 Rb8 28. Ra1 Rb2+ 29. Kd3 Rb3+ 30. Kc4 Re4 31. Qxe4 Qc3+
32. Kd5 Qa5+ 33. Kd4 Qc3+ 34. Kd5 Rb5+ 35. Kd6 Qf6+ 36. Kd7 Qf7+ 37. Kc8
Qf8+ 38. Kd7 Qf7+ 39. Kc8 1/2-1/2

[Event "Xtracon Chess Open"]
[Site "Helsingor DEN"]
[Date "2019.07.28"]
[Round "10.42"]
[White "Buchenau, Frank"]
[Black "Tolhuizen, Ludo"]
[Result "1/2-1/2"]
[WhiteElo "2294"]
[BlackElo "2090"]
[EventDate "2019.07.20"]

1. e4 d5 2. exd5 Qxd5 3. Nc3 Qd6 4. d4 Nf6 5. Nf3 a6 6. Bd3 Bg4 7. Ne4 Nxe4
8. Bxe4 c6 9. c3 Nd7 10. Qb3 Qe6 11. Ng5 Qxb3 12. axb3 Nf6 13. Bc2 h6 14.
f3 Bd7 15. Ne4 Nxe4 16. fxe4 e5 17. dxe5 Bc5 18. b4 Bb6 19. Bb3 O-O 20. Bf4
Rae8 21. O-O-O Bg4 22. Rd3 Bc7 23. h3 Bc8 24. Rf1 Be6 25. Kc2 Rd8 26. Rfd1
Rxd3 27. Rxd3 Rd8 28. Bxe6 fxe6 29. Rg3 Kf7 30. h4 Rd7 31. h5 Ke8 32. Rg6
Kf7 33. Rg3 Ke8 34. Rf3 Rf7 35. Kb3 Rd7 36. Kc4 Rd1 37. Be3 Bxe5 38. Kc5
Bc7 39. Bf4 e5 40. Bg3 Ke7 41. Bh4+ Ke6 42. Rf2 Rh1 43. g3 Re1 44. Kc4
Rxe4+ 45. Kd3 Re1 46. Rf8 Rd1+ 47. Ke4 Re1+ 48. Kd3 Rd1+ 49. Ke4 1/2-1/2

[Event "Xtracon Chess Open"]
[Site "Helsingor DEN"]
[Date "2019.07.28"]
[Round "10.43"]
[White "Tomilova, Elena"]
[Black "Jepsen, Thomas Tange"]
[Result "1-0"]
[WhiteElo "2281"]
[BlackElo "2069"]
[EventDate "2019.07.20"]

1. c4 c6 2. d4 d5 3. cxd5 cxd5 4. Bg5 Nf6 5. Bxf6 exf6 6. Nc3 Nc6 7. e3 Be6
8. g3 Qb6 9. Qb3 Qxb3 10. axb3 Bb4 11. Ne2 O-O 12. Bg2 Rfd8 13. O-O Na5 14.
Ra4 Bxc3 15. bxc3 b6 16. Rb1 Bf5 17. Rb2 Rac8 18. b4 Nc4 19. Rba2 a5 20.
bxa5 bxa5 21. Nf4 Bd7 22. Nxd5 Bxa4 23. Rxa4 Kf8 24. e4 Rc6 25. Bf1 Nd2 26.
Bb5 Re6 27. Rxa5 Rxe4 28. Ne3 g6 29. Bc6 Re7 30. d5 Nf3+ 31. Kg2 Ne5 32.
Bb5 Rc7 33. c4 h5 34. h3 Nd3 35. Ra6 Nc5 36. Rxf6 Ne4 37. Ra6 Nd6 38. Bc6
Rdc8 39. Kf3 f5 40. Rb6 Ke7 41. c5 Rxc6 42. dxc6 Ne4 43. Nd5+ Ke6 44. Nf4+
Ke5 45. Nxg6+ Kf6 46. c7+ Kg7 47. Rc6 1-0

[Event "Xtracon Chess Open"]
[Site "Helsingor DEN"]
[Date "2019.07.28"]
[Round "10.44"]
[White "Crevatin, Leo"]
[Black "Heimisson, Hilmir Freyr"]
[Result "1/2-1/2"]
[WhiteElo "2146"]
[BlackElo "2279"]
[EventDate "2019.07.20"]

1. d4 Nf6 2. c4 e6 3. Nc3 Bb4 4. Qc2 O-O 5. Nf3 c5 6. dxc5 Na6 7. g3 Nxc5
8. Bg2 Nce4 9. O-O Nxc3 10. bxc3 Be7 11. e4 d6 12. e5 dxe5 13. Nxe5 Qc7 14.
Qe2 Nd7 15. Bf4 Nxe5 16. Bxe5 Bd6 17. Rfe1 Bxe5 18. Qxe5 Qxc4 19. Red1 a5
20. a3 h6 21. Rab1 Qa4 22. Qd6 e5 23. Bxb7 Bxb7 24. Rxb7 Rac8 25. Rd3 Qe4
26. Re7 Qe1+ 27. Kg2 Qe4+ 28. Kg1 Qe1+ 29. Kg2 Qe4+ 30. Kg1 Qe1+ 1/2-1/2

[Event "Xtracon Chess Open"]
[Site "Helsingor DEN"]
[Date "2019.07.28"]
[Round "10.45"]
[White "Soraas, Torben"]
[Black "Bruaset, Eivind"]
[Result "1-0"]
[WhiteElo "2266"]
[BlackElo "2074"]
[EventDate "2019.07.20"]

1. e4 e6 2. d4 d5 3. Nd2 c5 4. exd5 Qxd5 5. Ngf3 cxd4 6. Bc4 Qd6 7. O-O Nf6
8. Nb3 Nc6 9. Nbxd4 Nxd4 10. Nxd4 a6 11. Re1 Qc7 12. Qe2 Bd6 13. Bg5 O-O
14. h3 Ne4 15. Bh4 Nc5 16. b4 Na4 17. Bd3 Bxb4 18. Qh5 g6 19. Qh6 Re8 20.
Bf6 Bf8 21. Qh4 Bd7 22. Nf3 Nc5 23. Re5 Bg7 24. Ng5 h6 25. Nxf7 Kxf7 26.
Bxg6+ Kg8 27. Bxg7 Kxg7 28. Rh5 e5 29. Bxe8 Bxe8 30. Rxh6 Bg6 31. Qg5 Qf7
32. Rd1 Qxf2+ 33. Kh1 Qf6 34. Rxg6+ Qxg6 35. Qxe5+ Kh7 36. Qxc5 Rg8 37. Qf2
Rc8 38. Rd4 Rxc2 39. Qh4+ Kg7 40. Rg4 1-0

[Event "Xtracon Chess Open"]
[Site "Helsingor DEN"]
[Date "2019.07.28"]
[Round "10.46"]
[White "Buchal, Stephan"]
[Black "Machlik, Monika"]
[Result "0-1"]
[WhiteElo "2260"]
[BlackElo "2083"]
[EventDate "2019.07.20"]

1. c4 e5 2. g3 Nf6 3. Bg2 d5 4. cxd5 Nxd5 5. Nf3 Nc6 6. O-O Nb6 7. a3 Be7
8. d3 O-O 9. b4 Re8 10. Nbd2 Nd4 11. Bb2 Nxf3+ 12. Nxf3 Bd6 13. e4 Bg4 14.
Rc1 Rc8 15. d4 Bxf3 16. Qxf3 exd4 17. Bxd4 Be5 18. Bxe5 Rxe5 19. Qc3 Re7
20. e5 c6 21. f4 Qe8 22. Rfe1 Rd8 23. h4 Red7 24. Re3 Qe6 25. Re2 Rd3 26.
Qe1 Qg4 27. Kh2 Rxg3 28. Qxg3 Qxe2 29. Re1 Qc2 30. Qg4 Qg6 31. Rd1 Rxd1 32.
Qxd1 h6 33. Bh3 Qe4 34. Qd2 Nd5 35. Kg3 Kf8 36. Bg2 Qe3+ 37. Qxe3 Nxe3 38.
Be4 Ke7 39. Bd3 Ke6 40. Kf3 Nf5 41. Bc4+ Ke7 42. h5 Nd4+ 43. Ke4 Nc2 44. f5
Nxa3 45. Bd3 b6 46. Kd4 Nb5+ 47. Kc4 Nc7 48. Be4 Kd7 49. Bf3 Ne8 50. Be2
Nc7 51. Bf3 Na6 52. Be2 f6 53. Kc3 Nc7 54. Kd4 fxe5+ 55. Kxe5 Ke7 56. Bd3
Nd5 57. b5 Nb4 58. Bc4 cxb5 59. Bxb5 a6 60. Bc4 b5 61. Be2 Nc6+ 62. Kd5 Nd8
0-1

[Event "Xtracon Chess Open"]
[Site "Helsingor DEN"]
[Date "2019.07.28"]
[Round "10.47"]
[White "Rosenkilde, Alexander"]
[Black "Christiansen, Jens Jorgen"]
[Result "1-0"]
[WhiteElo "2255"]
[BlackElo "2053"]
[EventDate "2019.07.20"]

1. d4 d5 2. c4 c6 3. Nf3 Nf6 4. e3 Bf5 5. Nc3 e6 6. Nh4 Bg6 7. Be2 Nbd7 8.
O-O Be7 9. g3 O-O 10. Nxg6 hxg6 11. Qc2 a6 12. e4 dxe4 13. Rd1 Rc8 14. Nxe4
Nxe4 15. Qxe4 Nf6 16. Qf3 Qa5 17. Bf4 Qf5 18. g4 Qe4 19. Qxe4 Nxe4 20. Bf3
Nd6 21. b3 g5 22. Be5 f6 23. Bg3 Rfd8 24. Re1 Kf7 25. Re2 f5 26. Be5 fxg4
27. Bxg4 Nf5 28. Bxf5 exf5 29. Bxg7 Bf6 30. Bxf6 Kxf6 31. Rae1 g4 32. Re7
b5 33. R1e6+ Kg5 34. Rg7+ Kf4 35. Rf7 bxc4 36. Re5 Kg5 37. Rexf5+ Kg6 38.
R5f6+ Kg5 39. Rf5+ Kg6 40. bxc4 Rxd4 41. R7f6+ Kg7 42. c5 Ra4 43. Rd6 Rxa2
44. Rg5+ Kf7 45. Rxg4 Rc2 46. Rg5 a5 47. Kg2 a4 48. Rd4 Ra8 49. Rgg4 Rxc5
50. Rxa4 Rxa4 51. Rxa4 Rc2 52. h4 Kg6 53. Kg3 Kh5 54. Re4 Rc1 55. Re5+ Kg6
56. Kf4 c5 57. Rg5+ Kf6 58. Rf5+ Kg6 59. Rd5 c4 60. Rc5 c3 61. Ke3 c2 62.
Ke2 Kh6 63. f3 Kg6 64. Rc3 Rh1 65. Rxc2 Rxh4 66. Ke3 Kf5 67. Rc5+ Kf6 68.
Kf2 Rb4 69. Kg3 Rb3 70. Kg4 Rb1 71. Rc6+ Kf7 72. f4 Ra1 73. Kg5 Ra7 74. f5
Kg7 75. Rg6+ Kh7 76. Rh6+ Kg8 77. Kg6 Ra2 78. Rh1 Rg2+ 79. Kf6 Rb2 80. Re1
Kf8 81. Re6 Rh2 82. Kg6 Rg2+ 83. Kf6 Rh2 84. Re1 Rb2 85. Ra1 Rb6+ 86. Kg5
Rb2 87. Kg6 Rb6+ 88. f6 Rb8 89. Rh1 1-0